Advanced Auditing: Fundamentals of EDP and Statistical Audit Technology. (Record no. 1558)

MARC details
005 - DATE AND TIME OF LATEST TRANSACTION
control field 20250417132524.0
020 ## - INTERNATIONAL STANDARD BOOK NUMBER
International Standard Book Number 0-201-05328-4
082 ## - DEWEY DECIMAL CLASSIFICATION NUMBER
Classification number 657.45 VAS
100 ## - MAIN ENTRY--PERSONAL NAME
Author name VASARHELYI, M. A.
245 ## - TITLE STATEMENT
Title Advanced Auditing: Fundamentals of EDP and Statistical Audit Technology.
260 ## - PUBLICATION, DISTRIBUTION, ETC.
Place of publication, distribution, etc. New York,
Name of publisher, distributor, etc. Addison of Wesley,
Date of publication, distribution, etc. 1988.
300 ## - PHYSICAL DESCRIPTION
Extent Xi,628p.: ill.; figure & table
Other physical details Index
Dimensions 23cm.
700 ## - ADDED ENTRY--PERSONAL NAME
Other authors/Editors LIN, T. W.
942 ## - ADDED ENTRY ELEMENTS (KOHA)
Source of classification or shelving scheme Dewey Decimal Classification
Koha item type Books
Holdings
Date last seen Total checkouts Full call number Barcode Cost, replacement price Price effective from Koha item type Lost status Source of classification or shelving scheme Damaged status Not for loan Withdrawn status Home library Current library Shelving location Date acquired Cost, normal purchase price
04/17/2025   657.45 VAS 0000006038 40905.00 04/17/2025 Books   Dewey Decimal Classification       College of Business Education Main Library College of Business Education Main Library General Collection 04/17/2025 13635.00